000 00262pam a2200121 a 4500
020 _c
041 _aeng
100 _aK.Tracey.
245 _a19th Century Life
_hTextual Documents
260 _a[s.l]:
_bGeorge Harrap & Co.Ltd
300 _a271p.
930 _a16330
999 _c93230
_d93230